Loading...

വാസ്തുശാസ്ത്രവും ഗൃഹനിര്‍മ്മാണകലയും /

Bibliographic Details
Main Author: ഗണപതി മൂര്‍ത്തി, ജി
Other Authors: Ganapathi Moorthy, G.
Format: Printed Book
Language:English
Published: തിരുവനന്തപുരം : 2005.(2017.)
Subjects:
LEADER 00961nam a22001937a 4500
008 190322b xxu||||| |||| 00| 0 eng d
999 |c 26076  |d 26076 
082 |a 133.5  |b GAN 
100 |a ഗണപതി മൂര്‍ത്തി, ജി. 
240 |a Vasthushasthravum grihanirmanakalayum 
245 |a വാസ്തുശാസ്ത്രവും ഗൃഹനിര്‍മ്മാണകലയും /  |c എഡിറ്റര്‍ : രാജ ആര്‍ . കെ. 
260 |a തിരുവനന്തപുരം :  |c 2005.(2017.) 
300 |a 884p. 
650 |a Vasthu sasthra 
650 |a തച്ചുശാസ്ത്രം 
650 |a കോല്‍വിരല്‍ കൈക്കണക്ക് 
700 |a Ganapathi Moorthy, G. 
942 |2 ddc  |c BK 
952 |0 0  |1 0  |2 ddc  |4 0  |6 133_500000000000000_GAN  |7 0  |9 35710  |a MAIN  |b MAIN  |d 2019-03-22  |e Prabhath Book House  |g 690.00  |l 4  |o 133.5 GAN  |p 34380  |q 2021-01-03  |r 2020-12-04  |s 2020-12-04  |t 1  |w 2019-03-22  |y BK